| Tag |
First Indicator |
Second Indicator |
Subfields |
| LEADER |
00000pam a22000004a 4500 |
| 001 |
in00001667039 |
| 005 |
20151023130017.0 |
| 008 |
011213s2002 nyua b 001 0 eng |
| 010 |
|
|
|a 2001059226
|
| 020 |
|
|
|a 0824706692 (acid-free paper)
|
| 035 |
|
|
|a (OCoLC)ocm48620248
|
| 040 |
|
|
|a DLC
|c DLC
|d TXA
|d UtOrBLW
|
| 042 |
|
|
|a pcc
|
| 049 |
|
|
|a TXAM
|
| 050 |
0 |
0 |
|a QD549.2.P64
|b P652 2002
|
| 082 |
0 |
0 |
|a 547/.70454513
|2 21
|
| 245 |
0 |
0 |
|a Polymer gels and networks /
|c edited by Yoshihito Osada, Alexei R. Khokhlov.
|
| 264 |
|
1 |
|a New York :
|b Marcel Dekker,
|c [2002]
|
| 264 |
|
4 |
|c ©2002
|
| 300 |
|
|
|a ix, 381 pages :
|b illustrations ;
|c 24 cm.
|
| 336 |
|
|
|a text
|b txt
|2 rdacontent
|
| 337 |
|
|
|a unmediated
|b n
|2 rdamedia
|
| 338 |
|
|
|a volume
|b nc
|2 rdacarrier
|
| 504 |
|
|
|a Includes bibliographical references and index.
|
| 650 |
|
0 |
|a Polymer colloids.
|
| 650 |
|
0 |
|a Polymer networks.
|
| 700 |
1 |
|
|a Osada, Yoshihito.
|
| 700 |
1 |
|
|a Khokhlov, A. R.
|
| 948 |
|
|
|a cataloged
|b h
|c 2002/2/25
|d c
|e dmitchel
|f 9:44:22 am
|
| 994 |
|
|
|a E0
|b TXA
|
| 999 |
|
|
|a MARS
|
| 999 |
f |
f |
|s ba4d729b-4397-3e64-996f-038988806718
|i bf226c3a-c767-3f25-9ae9-1449e4ea366d
|t 0
|
| 952 |
f |
f |
|p ric
|a Texas A&M University
|b Rellis Campus
|c Joint Library Facility
|s JLF
|d Remote Storage
|t 0
|e QD549.2.P64 P652 2002
|h Library of Congress classification
|i unmediated -- volume
|m A14828472252
|
| 998 |
f |
f |
|a QD549.2.P64 P652 2002
|t 0
|l Remote Storage
|